Mariscal de la Unión Soviética Gueorgui Zhukov : Memorias y Reflexiones

Bibliographic Details
Main Author: Pozo Sandoval, Ángel
Format: Section = Libro
Language:Undetermined
Spanish
Published: URSS Progreso 1987
Subjects:
LEADER 00493nam a2200181Ia 4500
008 240830s9999 xx 000 0 und d
020 |a 5-01-001951-5 
040 |a B-ESTELÍ- RUACS / 940 P893 
041 |a spa 
082 |a 940 P893 
100 1 |a Pozo Sandoval, Ángel 
245 1 0 |a Mariscal de la Unión Soviética Gueorgui Zhukov : Memorias y Reflexiones 
260 |a URSS  |b Progreso  |c 1987 
300 |a 492 p:il 
650 7 |a HISTORIA EUROPEA 
942 |c BK  |2 ddc 
991 |a TEXTO 
999 |c 11668